00400nam a2200109Ia 4500008004100000041000800041082001600049100001600065245014000081260005000221300001900271241015s9999 xx 000 0 und d aeng a343.071 ESP aEsposito F. aThe Consumer Welfare Hypothesis In Law And Economics: Towards A Synthesis For The 21st Century Towards A Synthesis For The 21st Century bEdward Elgar PublishingaUnited Kingdomc2022 a218;. P. 23 cm